000 00625nam a2200181 a 4500
001 000015693
005 20260219150429.0
008 100217s1982 dr a 001 0 spa d
040 _aDO-SdBNP
_bspa
_cBNPHU
082 _a338.1
_bD536p
245 0 0 _aDiagnóstico preliminar agropecuario de la regional central /.
260 _aSanto Domingo :
_bSEA
_bAlfa & Omega,
_c1982.
300 _a509 p. :
_bil. ;
_c25 cm.
650 0 _aAgricultura -
_xAspectos económicos
_930596
650 4 _aAgricultura
_zRepública Dominicana
_91568
710 _aSecretaría de Estado de Agricultura (República Dominicana)
_935364
049 _aBNPD
999 _c15245
_d15245